Bienvenido a nuestro catálago, Biblioteca Universidad Monteávila

Misión imposible : (Registro nro. 6203)

Detalles MARC
000 -CABECERA
campo de control de longitud fija 00664nam a22002177a 4500
005 - FECHA Y HORA DE LA ÚLTIMA TRANSACCIÓN
campo de control 20230711151544.0
007 - CAMPO FIJO DE DESCRIPCIÓN FÍSICA--INFORMACIÓN GENERAL
campo de control de longitud fija ta
008 - DATOS DE LONGITUD FIJA--INFORMACIÓN GENERAL
campo de control de longitud fija 230606s1998 ve |||||r|||| 001 0 spa d
020 ## - ISBN
Número Internacional Estándar del Libro 9803661604
040 ## - FUENTE DE LA CATALOGACIÓN
Centro catalogador/agencia de origen vecauma
Centro/agencia transcriptor vecauma
Centro/agencia modificador vecauma
099 ## - Cota
Número de clasificación HD8366.5
Cutter C6
100 1# - AUTOR PERSONAL
9 (RLIN) 6243
Nombre de persona Concheso, Aurelio F.
245 10 - MENCIÓN DE TÍTULO
Título Misión imposible :
Resto del título la reforma laboral y previsional venezolana
260 ## - PUBLICACIÓN, DISTRIBUCIÓN, ETC.
Lugar de publicación, distribución, etc. Caracas :
Nombre del editor, distribuidor, etc. CEDICE :
-- Panapo,
Fecha de publicación, distribución, etc. 1998.
300 ## - DESCRIPCIÓN FÍSICA
Extensión 223 p.
490 0# - MENCIÓN DE SERIE
Mención de serie Venezuela Hoy
Designación de volumen o secuencia 11
650 #0 - PUNTO DE ACCESO ADICIONAL DE MATERIA--TÉRMINO DE MATERIA
Término de materia SEGURIDAD SOCIAL
Subdivisión geográfica VENEZUELA
9 (RLIN) 4152
650 #0 - PUNTO DE ACCESO ADICIONAL DE MATERIA--TÉRMINO DE MATERIA
9 (RLIN) 7510
Término de materia POLITICA LABORAL
Subdivisión geográfica VENEZUELA
942 ## - ELEMENTOS DE ENTRADA AGREGADA (KOHA)
Fuente del sistema de clasificación o colocación Library of Congress Classification
Tipo de ítem Koha Libros
Existencias
Estado de retiro Estado de pérdida Fuente del sistema de clasificación o colocación Estado dañado No para préstamo Código de colección Localización permanente Ubicación/localización actual Ubicación en estantería Fecha de adquisición Número de inventario Total de préstamos Cota Código de barras Fecha visto por última vez Precio válido a partir de Tipo de ítem Koha Número de copia
    Library of Congress Classification     Colección general Biblioteca Universidad Monteávila Biblioteca Universidad Monteávila Colección general 16/06/2023 7728   HD8366.5 C6 0000000000859 16/06/2023 16/06/2023 Libros  
    Library of Congress Classification     Colección general Biblioteca Universidad Monteávila Biblioteca Universidad Monteávila Colección general 16/06/2023 20390   HD8366.5 C6 0000000000860 16/06/2023 16/06/2023 Libros ej. 2

Copyright @ UMA Library
Universidad Monteávila Caracas, Venezuela

Edif. Sede principal Universidad Monteávila. Av. El Buen Pastor. Boleíta Norte. Caracas. 
Customized by Universidad Monteávila

Con tecnología Koha